| 000 | 00370nam a2200097Ia 4500 | ||
|---|---|---|---|
| 008 | 180130s9999 xx 000 0 und d | ||
| 245 |
_cAdler, Paul; Heckscher, Charles; Prusak, Laurence _aBuilding a collaborative enterprise |
||
| 260 | _c2013 | ||
| 300 | _aBook title: HBR's 10 must reads on collaboration--Acession number C20792; pages 45-58 | ||
| 650 | _aBUSINESS NETWORKS | ||
| 999 |
_c354441 _d354441 |
||